Water in times of climate change : a values-driven dialogue /

"This book on water and climate change goes beyond the usual and predictable analyses, by bringing religion and values into a discussion that is often dominated by technocratic solutions. The three case studies of Jakarta, Cape Town, and Amsterdam demonstrate the challenges of water management...

Full description

Bibliographic Details
Corporate Author: JSTOR (Organization)
Other Authors: Hasselaar, Jan Jorrit (Editor), IJmker, Elisabeth (Editor)
Format: eBook
Language:English
Published: Amsterdam : Amsterdam University Press B.V., [2021]
Subjects:
Online Access:Connect to the full text of this electronic book

MARC

Tag First Indicator Second Indicator Subfields
LEADER 00000cam a2200000 i 4500
001 in00004635676
006 m o d
007 cr cnu---unuuu
008 211207s2021 ne a ob 000 0 eng d
005 20230103223522.9
035 |a (OCoLC)on1287883665 
040 |a JSTOR  |b eng  |e rda  |e pn  |c JSTOR  |d OCLCQ  |d OCLCO  |d LUN  |d UKKNU  |d OCLCO 
019 |a 1289857845 
020 |a 9789048555383  |q (electronic bk.) 
020 |a 9048555388  |q (electronic bk.) 
020 |z 9463722270 
020 |z 9789463722278 
035 |a (OCoLC)1287883665  |z (OCoLC)1289857845 
037 |a 22573/ctv240k5c5  |b JSTOR 
050 4 |a BL450  |b .W375 2021eb 
072 7 |a POL  |x 002000  |2 bisacsh 
072 7 |a POL  |x 044000  |2 bisacsh 
072 7 |a SCI  |x 092000  |2 bisacsh 
082 0 4 |a 202/.12  |2 23 
084 |a MS 9000  |2 rvk 
049 |a TXAM 
245 0 0 |a Water in times of climate change :  |b a values-driven dialogue /  |c edited by Jan Jorrit Hasselaar, Elisabeth IJmker. 
264 1 |a Amsterdam :  |b Amsterdam University Press B.V.,  |c [2021] 
264 4 |c ©2021 
300 |a 1 online resource (151 pages) :  |b illustrations (chiefly color) 
336 |a text  |b txt  |2 rdacontent 
337 |a computer  |b c  |2 rdamedia 
338 |a online resource  |b cr  |2 rdacarrier 
504 |a Includes bibliographical references. 
520 |a "This book on water and climate change goes beyond the usual and predictable analyses, by bringing religion and values into a discussion that is often dominated by technocratic solutions. The three case studies of Jakarta, Cape Town, and Amsterdam demonstrate the challenges of water management in urban areas and the role religion can play in addressing them. With representatives from science, politics, economics, and religion, as well as young voices, the book stimulates a values-driven dialogue on issues of water in times of climate change."--PRovided by publisher 
588 0 |a Print version record. 
650 0 |a Water  |x Religious aspects. 
650 0 |a Water-supply  |x Management. 
650 6 |a Eau  |x Aspect religieux. 
650 6 |a Eau  |x Approvisionnement  |x Gestion. 
650 7 |a POLITICAL SCIENCE  |x Public Policy  |x City Planning & Urban Development.  |2 bisacsh 
650 7 |a Water  |x Religious aspects.  |2 fast  |0 (OCoLC)fst01171487 
650 7 |a Water-supply  |x Management.  |2 fast  |0 (OCoLC)fst01172390 
655 7 |a Electronic books.  |2 local 
700 1 |a Hasselaar, Jan Jorrit,  |e editor. 
700 1 |a IJmker, Elisabeth,  |e editor. 
710 2 |a JSTOR (Organization) 
776 0 8 |i Print version:  |t Water in times of climate change.  |d Amsterdam : Amsterdam University Press B.V., [2021]  |z 9463722270  |w (OCoLC)1258071227 
856 4 0 |u https://www.jstor.org/stable/10.2307/j.ctv244ss53  |z Connect to the full text of this electronic book  |t 0 
955 |a JSTOR Open Access ebooks 
994 |a 92  |b TXA 
999 f f |s 16b95e9d-e767-4314-a55a-79fca0be4dc3  |i 19b0d338-f2c4-4d2a-a51c-670b5264f2a6  |t 0 
952 f f |a Texas A&M University  |b College Station  |c Electronic Resources  |d Available Online  |t 0  |e BL450 .W375 2021eb  |h Library of Congress classification 
998 f f |a BL450 .W375 2021eb  |t 0  |l Available Online